Perceptions of teachers of students with moderate, severe, or profound disabilities on facilitating friendships with nondisabled peers / [et al.] (Record no. 74208)
[ view plain ]
| 000 -CABECERA | |
|---|---|
| campo de control de longitud fija | 00808nam a2200253 a 4500 |
| 005 - FECHA Y HORA DE LA ÚLTIMA TRANSACCIÓN | |
| campo de control | 20210219153332.0 |
| 008 - ELEMENTOS DE LONGITUD FIJA--INFORMACIÓN GENERAL | |
| campo de control de longitud fija | 991125n 000 0 u |
| 035 ## - NÚMERO DE CONTROL DEL SISTEMA | |
| Número de control de sistema | UPN01000091926 |
| 100 ## - ASIENTO PRINCIPAL--NOMBRE PERSONAL | |
| Nombre de persona | Hamre-Nietupski, Susan |
| 222 ## - TÍTULO CLAVE | |
| Título clave | EDUCATION AND TRAINING IN MENTAL RETARDATION |
| 245 ## - MENCIÓN DE TÍTULO | |
| Título | Perceptions of teachers of students with moderate, severe, or profound disabilities on facilitating friendships with nondisabled peers / [et al.] |
| 300 ## - DESCRIPCIÓN FÍSICA | |
| Extensión | 111-127 |
| 362 ## - FECHAS DE PUBLICACIÓN Y/O DESIGNACIÓN SECUENCIAL | |
| Fecha de publicación y/o designación secuencial | 28, No. 2, 1993 |
| 505 ## - NOTA DE CONTENIDO CON FORMATO PREESTABLECIDO | |
| Nota de contenido con formato | Diciembre 1993 |
| 653 0# - TERMINO DE INDIZACION - NO CONTROLADO | |
| Término no controlado | ACTITUD DOCENTE |
| 653 0# - TERMINO DE INDIZACION - NO CONTROLADO | |
| Término no controlado | AMISTAD |
| 653 0# - TERMINO DE INDIZACION - NO CONTROLADO | |
| Término no controlado | CORRIENTE PRINCIPAL (FILOSOFIA) |
| 653 0# - TERMINO DE INDIZACION - NO CONTROLADO | |
| Término no controlado | EDUCACION ESPECIAL |
| 653 0# - TERMINO DE INDIZACION - NO CONTROLADO | |
| Término no controlado | SEVERE DISABILITIES |
| 700 ## - ASIENTO SECUNDARIO--NOMBRE DE PERSONAL | |
| Nombre de persona | Hendrickson, Jo |
| 700 ## - ASIENTO SECUNDARIO--NOMBRE DE PERSONAL | |
| Nombre de persona | Nietupski, John |
| 904 ## - ELEMENTOS DE DATOS D LOCAL, LDD (RLIN) | |
| a | AC |
| b | 029737 |
| 905 ## - TIPO DE MATERIAL | |
| Tipo de material | Articulo |
No items available.
